Waves and Oscillations (Record no. 2478)

MARC details
000 -LEADER
fixed length control field 00436nam a22001697a 4500
005 - DATE AND TIME OF LATEST TRANSACTION
control field 20160613105146.0
008 - FIXED-LENGTH DATA ELEMENTS--GENERAL INFORMATION
fixed length control field 160613b xxu||||| |||| 00| 0 eng d
020 ## - INTERNATIONAL STANDARD BOOK NUMBER
ISBN 07-0698543-5
041 ## - LANGUAGE CODE
Language code of text/sound track or separate title eng
082 ## - DEWEY DECIMAL CLASSIFICATION NUMBER
Item number 7147
100 ## - MAIN ENTRY--AUTHOR NAME
Personal name Subnahmanyam N & Lan, B
245 ## - TITLE STATEMENT
Title Waves and Oscillations
260 ## - PUBLICATION, DISTRIBUTION, ETC. (IMPRINT)
Place of publication New Delhi
Name of publisher Vikas Publishing House (P) Ltd.
Year of publication 1994
300 ## - PHYSICAL DESCRIPTION
Number of Pages 433
650 ## - SUBJECT ADDED ENTRY--TOPICAL TERM
Topical Term DIPLOMA ENGINEERING
942 ## - ADDED ENTRY ELEMENTS (KOHA)
Koha item type Books
Holdings
Lost status Damaged status Collection code Home library Current library Shelving location Date acquired Cost, normal purchase price Accession Number Koha item type Full call number
    Reference JRU Library   SHELF -72- G 13/06/2016 395.00 7147 Books  
      JRU Library   SHELF-35-I 13/06/2016 395.00 7148 Books 7147
      JRU Library   SHELF-35-I 13/06/2016 395.00 7149 Books 7147
      JRU Library   SHELF-35-I 13/06/2016 395.00 7150 Books 7147
      JRU Library   SHELF-35-I 13/06/2016 395.00 7151 Books 7147